Normal view
MARC view
Entry Personal Name
001 - CONTROL NUMBER
- control field: 14334
003 - CONTROL NUMBER IDENTIFIER
- control field: dpl
005 - DATE AND TIME OF LATEST TRANSACTION
- control field: 20100817122920.0
008 - FIXED-LENGTH DATA ELEMENTS
- fixed length control field: 100817|||a|||||| | ||| d
040 ## - CATALOGING SOURCE
- Original cataloging agency: dpl
- Transcribing agency: dpl
100 ## - HEADING--PERSONAL NAME
- Personal name: Bhatt Bhalchandra
670 ## - SOURCE DATA FOUND
- Source citation: Work cat.: (dpl): Bhatt Bhalchandra, karana-kusumakara or the poems of the body /, 2000
670 ## - SOURCE DATA FOUND
- Source citation: Work cat.: (dpl): Bhatt Bhalchandra, karana-kusumakara or the poems of the body /, 2000
